000 00793nam a2200265Ia 4500
003 OSt
005 20220928114745.0
006 a|||||r|||| 00| 0
007 ta
008 220927b |||||||| |||| 00| 0 eng d
020 _cUKP 16.99
024 _a142540
037 _b9212, 12/12/2019, The Book Seller
_cTextual
040 _aSDCL
_cSDCL
_beng
041 _2eng
_aeng
082 _aX:(S:44), Q9
100 _aCorr Philip
_9440766
245 0 _aBehavioral economics
_b The basics
260 _aLondon
_bRoutledge New York
_c2019
300 _ax,249p.
_ccm.
650 _aBusiness Economics
_9391653
700 _a Plagnol Anke
_9440767
942 _hX:(S:44), Q9
_cTEXL
_2CC
999 _c756293
_d756293